| 000 | 01291cam a2200277 4500 | ||
|---|---|---|---|
| 008 | 000000n2004 000 0 eng u | ||
| 020 | _a1405107650 | ||
| 035 | _a(Sirsi) u119894 | ||
| 041 | _aeng | ||
| 050 |
_a725.54 _c18 |
||
| 100 | _aSawyer, Ann | ||
| 245 | 4 |
_aThe access manual _bauditing and managing the built environments |
|
| 260 |
_aOxford _bBlackwell _c2004 |
||
| 300 |
_a256p. _bill _c25cm. |
||
| 350 | _a35 | ||
| 520 | _aThis manual covers the design, improvement, maintenance and management of accessible environments. Aimed at building designers and managers, it shows how to provide and run buildings, services and employment facilities to enable independent and convenient use by all. Contains comprehensive information on standards, legislation and good practice. | ||
| 520 | _aSuperseded by 2nd edition 2007 (isbn 1405146265) | ||
| 650 | _aMANAGEMENT-BUSINESS MANAGEMENT-DISCRIMINATION-DISABILITY DISCRIMINATION-ACCESSIBILITY-ACCESS AUDITS | ||
| 650 | _aMANAGEMENT-BUSINESS MANAGEMENT-DISCRIMINATION-DISABILITY DISCRIMINATION-ACCESSIBILITY | ||
| 650 | _aDISABLED-FRIENDLY BUILDINGS | ||
| 650 | _aDISABLED FACILITIES | ||
| 650 | _aPUBLIC BUILDINGS | ||
| 690 | _aBUILDING AND CONSTRUCTION - DESIGN AND STRUCTURES | ||
| 700 | _aBright, Keith | ||
| 942 | _n0 | ||
| 999 |
_c102435 _d102435 |
||